Inflation target fulfillment in the Czech Republic in 1998-2007: some stylized facts

Uložené v:
Podrobná bibliografia
Hlavný autor: Antal, Juraj
Ďalší autori: Hlaváček, Michal, Holub, Tomáš
Médium: Kapitola
Jazyk:English
Predmet:
Tagy: Pridať tag
Žiadne tagy, Buďte prvý, kto otaguje tento záznam!

MARC

LEADER 00000naa$a2200000$$$4500
001 0092862
005 20231010112234.3
041 0 |a eng 
044 |a CZ 
245 1 0 |a Inflation target fulfillment in the Czech Republic in 1998-2007: some stylized facts  |c Juraj Antal, Michal Hlaváček, Tomáš Holub 
610 2 0 |a cielenie inflácie 
610 2 0 |a inflácia 
610 2 0 |a Česko 
610 2 0 |a ukazovatele makroekonomické 
610 2 0 |a porovnanie medzinárodné 
100 1 |a Antal, Juraj 
700 1 |a Hlaváček, Michal 
700 1 |a Holub, Tomáš